000 00436nam a2200181Ia 4500
008 210210b1964 xxu||||| |||| 00| 0 eng d
082 _a541.3 KHOP
100 _aKHOSLA (B D)
245 _aPrinciples of physical chemistry
260 _aN D
_bR Chand & Co.,
_c1964
300 _aviii,595
650 _aPrinciples
650 _aphysical
650 _aof
650 _achemistry
690 _aPhysical Chemistry
906 _a009754
999 _c149757
_d149757